Návrhový výpočet azeotropickej rektifikačnej kolóny pre separáciu vodných alkoholových roztokov bakalárska práca

Uložené v:
Podrobná bibliografia
Hlavný autor: Jantošová, Katarína
Médium: Kniha
Jazyk:Slovak
Vydavateľské údaje: Bratislava FCHPT 2014
On-line prístup:View in OPAC
Tagy: Pridať tag
Žiadne tagy, Buďte prvý, kto otaguje tento záznam!

MARC

LEADER 00000nam a2200000 a 4500
005 20260127134340.0
008 151127 2014 000 0 slo d
035 |a vtls011424852 
039 9 |y 201511271053  |z mschk03 
040 |a STUSCHK1  |b slo  |c STUSCHK1  |e AACR2 
100 1 |a Jantošová, Katarína 
245 1 |a Návrhový výpočet azeotropickej rektifikačnej kolóny pre separáciu vodných alkoholových roztokov  |b bakalárska práca  |c Katarína Jantošová 
260 |a Bratislava  |b FCHPT  |c 2014 
300 |a 48 s.  |b il.  |3 0 cm 
500 |a Študijný program: chemické inžinierstvo 
500 |a Študijný odbor: chemické inžinierstvo 
500 |a Školiace pracovisko: Odd. chemického a biochemického inžinierstva 
500 |a Evid. číslo: FCHPT-5431-43117 
910 |a SCHK95 
999 |c 10503  |d 10503